• 首页
  • 本馆介绍
  • 公告通知
  • 最新文献
  • 馆藏检索
  • 电子资源
  • 读者导购
  • 参考咨询
  • 我的图书馆
  • 登录
  • 详细信息显示
  • 放入我的书架
  • 预约/预借图书
  • 作者相关作品
  • 分类相关作品
  • 丛书相关作品
  • 出版社相关作品

书目信息

  • 表格格式
  • 工作单格式
  • 卡片格式
书名: Growing concerns
作者: David E. Gumpert, editor
分册号:
分册名:
出版地: New York :
 
出版社: Wiley
出版时间: c1984.
页数: ix, 418 p. :
开本: 25 cm.
丛书名: Harvard business review executive book series
中图分类号:
科图分类号:
其他分类号: F27
主题词:
电子资源:
000 01075nam 2200313 a 4500
001 E0737316179
005 20070225102215.76
008 00110 eng
008 uu
010    @a83017034 //r91
020    @a0471886777 :@cCNY22.95.
040    @aDLC @cDLC @dDLC @dOCoLC
049    @aN5LA
050 00 @aHD62.7 @b.G76 1984
082 00 @a658/.022 @219
090    @a2/F276.3/G88/////464784/488223/ cop.2
090    @aF27
096    @aF276.3 @v2
099    @dF27@ex2
245 00 @aGrowing concerns :@bbuilding and managing the smaller business / @cDavid E. Gumpert, editor
260 0  @aNew York :@bWiley,@cc1984.
300    @aix, 418 p. :@bill. ;@c25 cm.
440  0 @aHarvard business review executive book series
500    @a"Harvard business review"--Cover.
504    @aIncludes bibliographical references and indexes.
650  0 @aSmall business @xManagement.
700 10 @aGumpert, David E., @eed.
730 01 @aHarvard business review. @b00 @c20020930 @lNLC09 @h2248 @lNLC09 @h2328 @lNLC09 @h1919
852 9  @bWWJC @cJ08S @k2 @hF276.3 @iG88
    
    Growing concerns : : building and managing the smaller business / / David E. Gumpert, editor.-New York : : Wiley, , c1984.
    ix, 418 p. : : ill. ; ; 25 cm.- (Harvard business review executive book series )
    "Harvard business review"--Cover.-Includes bibliographical references and indexes.
    
    ISBN 0471886777 :CNY22.95.
    
●
相关链接 在E读中查询图书 在五车中查询图书 在当当中查询图书 在豆瓣中查询图书


正题名:Growing concerns     索取号:F27/x2         预约/预借

序号 登录号 条形码 馆藏地/架位号 状态 备注
1 181158   001177559   第二样本阅览室/ [索取号:F27/x2] 在馆    
2 181159   001177684   第四借阅区/ [索取号:F27/x2] 在馆    
3 181160   001170707   第四借阅区/ [索取号:F27/x2] 在馆    
唐山师范学院图书馆 欢迎您!
大连网信软件有限公司© 版权所有